1985 1120 1574 1935 1726 1251 1194 1406 1750 1133 1688 1382 1604 1251 1253 1243 1723 1960 1485 1975 1729 1023 1481 1880 1972 1342 1399 1875 1628 1854 1524 1118 1461 1545 1973 1156 1744 1625 1610 1455 1518 1241 1522 1920 1243 1030 1871 1014 1227 1278 1077 1903 1615 1045 1032 1806 1298 1466 1162 1971 1159 1172 1150 1361 1745 1579 1073 1643 1008 1913 1189 1591 1765 1308 1443 1333 1280 1632 1692 1810 1633 1259 1869 1395 1590 1919 1024 1267 1566 1717 1856 1611 1555 1567 1235 1683 1765 1575 1843 BCNSPRNW ULIB Ver.6.0+V

เปลี่ยนเป็นภาษาไทย

Change to English
 แสดงรายละเอียดบรรณานุกรม
  กลับหน้าหลัก

Brief Record : Get Marc (ISO 2709) : E-mail record : QR code < ปิดหน้าต่าง
LEADER : 00000nam 2200000uu 4500
001    13399126276
003     ULIB
008    180827s||||||||th 000 0 tha d
020    ^a9786163930873
060 04 ^aWA100^bส356ล
100 0  ^aสรีรรัตน์ สุกมลสันต์
245 10 ^aLive well together ดูแลผู้สูงอายุ สร้างสุขในครอบครัว /^cสรีรรัตน์สุกมลสันต์
246 30 ^aดูแลผู้สูงอายุ สร้างสุขในครอบครัว
250    ^aพิมพ์ครั้งที่ 1
260    ^aกรุงเทพฯ:^bบริษัทเคล็ดไทย จำกัด,^c2560
300    ^a191 หน้า :^bภาพประกอบ ;^c21 ซม
505 0  ^aสร้างสุขในครอบครัว -- เข้าใจร่างกายผู้สูงอายุ -- เข้าถึงหัวใจผู้สูงอายุ --อบอุ่น ปลอภัย ไร้อุบัติเหตุ -- เตรียมพร้อมค่าใช้จ่ายสำหรับผู้สูงอายุ --กิจกรรมนำความสุข -- ข้อมูลที่เป็นประโยชน์สำหรับผู้ดูแลผู้สูงอายุ
650  4 ^aผู้สูงอายุ^xการดูแล
650  4 ^aผู้สูงอายุ^xสุขภาพและอนามัย
650  4 ^aผู้สูงอายุ^xความสัมพันธ์ในครอบครัว
945    ^p165^l0^i004472
945    ^p165^l0^i004471
945    ^p165^l0^i004470
945    ^p165^l0^i004475
945    ^p165^l0^i004476
945    ^p165^l0^i004473
945    ^p165^l0^i004474
999    ^aประนอม เกษจรัล
รายการนี้ยังไม่มีแท็ก
คุณยังไม่ได้ล็อกอิน คุณสามารถมีกิจกรรมร่วมกับเว็บไซต์ได้ แต่ต้องล็อกอินก่อน ::
  ล็อกอิน

รายการสื่อสารสนเทศ

ลำดับที่ ประเภท เลขเรียก/บาร์โค้ด สถานที่ สถานะ
1. วิทยาศาสตร์การแพทย์ และสุขภาพ
หนังสือสำรอง
สถานะ=หนังสือสำรอง
WA100 ส356ล ฉ.1 
  Barcode: 004470
ห้องสมุดวิทยาเขตสวรรค์ประชารักษ์
►หนังสือทั่วไป
บนชั้น
2. วิทยาศาสตร์การแพทย์ และสุขภาพ
วิทยาศาสตร์การแพทย์ และสุขภาพ
WA100 ส356ล ฉ.2 
  Barcode: 004471
ห้องสมุดวิทยาเขตสวรรค์ประชารักษ์
►หนังสือทั่วไป
บนชั้น
3. วิทยาศาสตร์การแพทย์ และสุขภาพ
วิทยาศาสตร์การแพทย์ และสุขภาพ
WA100 ส356ล ฉ.3 
  Barcode: 004472
ห้องสมุดวิทยาเขตสวรรค์ประชารักษ์
►หนังสือทั่วไป
บนชั้น
4. วิทยาศาสตร์การแพทย์ และสุขภาพ
วิทยาศาสตร์การแพทย์ และสุขภาพ
WA100 ส356ล ฉ.4 
  Barcode: 004473
ห้องสมุดวิทยาเขตสวรรค์ประชารักษ์
►หนังสือทั่วไป
บนชั้น
5. วิทยาศาสตร์การแพทย์ และสุขภาพ
วิทยาศาสตร์การแพทย์ และสุขภาพ
WA100 ส356ล ฉ.5 
  Barcode: 004474
ห้องสมุดวิทยาเขตสวรรค์ประชารักษ์
►หนังสือทั่วไป
บนชั้น
6. วิทยาศาสตร์การแพทย์ และสุขภาพ
วิทยาศาสตร์การแพทย์ และสุขภาพ
WA100 ส356ล ฉ.6 
  Barcode: 004475
ห้องสมุดวิทยาเขตสวรรค์ประชารักษ์
►หนังสือทั่วไป
บนชั้น
7. วิทยาศาสตร์การแพทย์ และสุขภาพ
วิทยาศาสตร์การแพทย์ และสุขภาพ
WA100 ส356ล ฉ.7 
  Barcode: 004476
ห้องสมุดวิทยาเขตสวรรค์ประชารักษ์
►หนังสือทั่วไป
บนชั้น

รายการใกล้เคียง
    ผู้แต่ง [สรีรรัตน์ สุกมลสันต์]

    หัวเรื่อง [ผู้สูงอายุ การดูแล]

BibComment


ยังไม่เคยถูกคอมเมนท์

คอมเมนท์ทรัพยากรรายการนี้
  คอมเมนท์: Live well togeth..


 Copyright 2026. Bcnsprnw @Library